[Event "POL-ch (Women)"]
[Site "Brzeg Dolny"]
[Date "1996.??.??"]
[Round "12"]
[White "Guzkowska, Magdalena"]
[Black "Iwaniuk, Dorota"]
[Result "1-0"]
[WhiteElo "2235"]
[BlackElo "2090"]

1.d4 Nf6 2.c4 e6 3.Nf3 Bb4+ 4.Bd2 Qe7 5.Nc3 b6 6.e3 Bb7 7.Be2 O-O 8.O-O d6
9.Rc1 Nbd7 10.Qa4 Bxc3 11.Bxc3 Ne4 12.Rfd1 a5 13.Be1 f5 14.a3 Rf6 15.d5 e5
16.Qc2 a4 17.b4 axb3 18.Qxb3 Ndc5 19.Qb2 Raf8 20.Bb4 f4 21.Qc2 Bc8 22.Bxc5 Nxc5
23.e4 Bd7 24.Re1 Kh8 25.Nd2 Rh6 26.f3 Qh4 27.Nf1 Rff6 28.Bd3 Rfg6 29.Re2 Ba4
30.Qc3 Nb3 31.Rb1 Nd4 32.Rf2 Qg5 33.Be2 Bd7 34.Bd1 Rh5 35.a4 Bh3 36.Rbb2 Qd8
37.a5 bxa5 38.Qxa5 h6 39.Qa7 Kh7 40.Rb8 Qg5 41.Qa8 Rf6 42.Rh8+ Kg6 43.Qe8+ Rf7
44.Rf8 Qe7 45.Qxf7+ Qxf7 46.Rxf7 Kxf7 47.gxh3 Rxh3 48.Kg2 Rh5 49.Rb2 Rg5+
50.Kf2 Kg6 51.Rb7 Kh5 52.Rxc7 Kh4 53.c5 dxc5 54.Rxc5 Rg6 55.Rc7 Ra6 56.Nd2 g5
57.Nb3 Ra2+ 58.Ke1 Nxf3+ 59.Bxf3 g4 60.d6 Ra6 61.d7 Rd6 62.Nc5 h5 63.Nb7 Rxd7
64.Rxd7 Kh3 65.Rh7 Kxh2 66.Bxg4  1-0

[Event "Schneider mem op "]
[Site "Budapest"]
[Date "1996.??.??"]
[Round "?"]
[White "Chetverik, Maxim"]
[Black "Orso, Miklos"]
[Result "1/2-1/2"]
[WhiteElo "2290"]
[BlackElo "2410"]

1.d4 Nf6 2.c4 e6 3.Nf3 Bb4+ 4.Bd2 c5 5.Bxb4 cxb4 6.e3 b6 7.Be2 Bb7 8.O-O O-O
9.Ne5 d5 10.Nd2 a5 11.Rc1 Qd6 12.Qa4 Nfd7 13.Nxd7 Nxd7 14.cxd5 Bxd5 15.Bf3 Rac8
16.Rfd1 e5  1/2-1/2

[Event "Budapest FS08 IM"]
[Site "Budapest"]
[Date "1996.??.??"]
[Round "2"]
[White "Kasantsev, Anatolij B"]
[Black "Anka, Emil"]
[Result "0-1"]
[WhiteElo "2225"]
[BlackElo "2400"]

1.d4 Nf6 2.c4 e6 3.Nf3 Bb4+ 4.Bd2 Qe7 5.g3 Nc6 6.Nc3 Bxc3 7.Bxc3 Ne4 8.Rc1 O-O
9.Bg2 a5 10.O-O Nxc3 11.Rxc3 d6 12.d5 Nb4 13.a3 Na6 14.Qc2 e5 15.e4 f5 16.Nd2 f4
17.Rb1 c5 18.dxc6 bxc6 19.b4 axb4 20.axb4 c5 21.b5 Nc7 22.Qb2 Ne6 23.Ra3 Rb8
24.Rba1 Bb7 25.Ra7 Qf6 26.f3 h5 27.Nb3 fxg3 28.hxg3 Qg5 29.Na5 Qxg3 30.Nxb7 Ng5
31.R1a3 Rxf3 32.Nxd6 Nh3+ 33.Kh1 Rf1+  0-1

[Event "Budapest FS08 IM"]
[Site "Budapest"]
[Date "1996.??.??"]
[Round "4"]
[White "Zimmerman, Yuri"]
[Black "Mosna, Stefano"]
[Result "1-0"]
[WhiteElo "2445"]
[BlackElo "2225"]

1.d4 Nf6 2.c4 e6 3.Nf3 Bb4+ 4.Bd2 a5 5.g3 b6 6.Bg2 Bb7 7.O-O O-O 8.Bf4 Be7
9.Nc3 d6 10.Qc2 Nbd7 11.Rad1 Nh5 12.Bc1 f5 13.e4 Qe8 14.exf5 exf5 15.Rfe1 Qd8
16.Qe2 Rf7 17.Ng5 Bxg5 18.Bxb7 Bxc1 19.Rxc1 g6 20.Bxa8 Qxa8 21.Qe8+  1-0

[Event "Budapest FS05 IM"]
[Site "Budapest"]
[Date "1996.??.??"]
[Round "6"]
[White "Seres, Lajos"]
[Black "Skorna, Ullrich"]
[Result "1/2-1/2"]
[WhiteElo "2440"]
[BlackElo "2205"]

1.d4 Nf6 2.c4 e6 3.Nf3 Bb4+ 4.Bd2 Qe7 5.g3 Nc6 6.Nc3 O-O 7.Bg2 Bxc3 8.Bxc3 Ne4
9.Rc1 d6 10.O-O e5 11.d5 Nxc3 12.Rxc3 Nb8 13.Qc2 a5 14.Ra3 Bg4 15.Nh4 Nd7
16.f3 Bh5 17.e4 Bg6 18.Re3 b6 19.Bh3 Nc5 20.b3 h6 21.Qf2 Bh7 22.Rfe1 g6 23.f4 f6
24.f5 g5 25.Ng6 Bxg6 26.fxg6 Kg7 27.Bf5 Rab8 28.Qe2 Rh8 29.Qh5 b5 30.cxb5 Rxb5
31.h4 c6 32.dxc6 Qc7 33.Qe2 Qxc6 34.Qc4 Qb7 35.Rd1 Rb4 36.Qd5 Qxd5 37.Rxd5 Rd4
38.Rxd4 exd4 39.Re1 gxh4 40.gxh4 h5 41.Rd1 d3 42.Kf2 Re8 43.Kf3 Re5  1/2-1/2

[Event "Budapest FS08 IM"]
[Site "Budapest"]
[Date "1996.??.??"]
[Round "8"]
[White "Zimmerman, Yuri"]
[Black "Anka, Emil"]
[Result "1/2-1/2"]
[WhiteElo "2445"]
[BlackElo "2400"]

1.d4 Nf6 2.c4 e6 3.Nf3 Bb4+ 4.Bd2 Qe7 5.g3 Nc6 6.Nc3 Bxc3 7.Bxc3 Ne4 8.Rc1 O-O
9.Bg2 a5 10.O-O Nxc3 11.Rxc3 d6 12.d5 Nb4 13.a3 Na6 14.dxe6 fxe6 15.Nd2 e5
16.Qc2 Bf5 17.Ne4 Kh8 18.b3 Rad8 19.Qd2 c6 20.Qg5 Qe8 21.Rd1 h6 22.Qd2 d5
23.cxd5 cxd5 24.Nc5 d4 25.Rcc1 Nxc5 26.Rxc5 b6 27.Rc6 b5 28.Qxa5 e4 29.Rc7 e3
30.f4 d3 31.Qc3 Rf6 32.Rc5 dxe2 33.Rxd8 Qxd8 34.Qxe3 Qd1+ 35.Kf2 Rd6 36.Qe8+ Kh7
37.Re5 Qd4+ 38.Kxe2 Bd3+ 39.Kf3 Bg6 40.Qxb5 Rb6 41.Qd5 Qxd5+ 42.Rxd5 Rxb3+
43.Ke2 Rxa3  1/2-1/2

[Event "Budapest FS05 GM"]
[Site "Budapest"]
[Date "1996.??.??"]
[Round "11"]
[White "Berend, Fred"]
[Black "Hmadi, Slaheddine"]
[Result "1-0"]
[WhiteElo "2425"]
[BlackElo "2320"]

1.d4 e6 2.c4 Nf6 3.Nf3 Bb4+ 4.Bd2 a5 5.g3 b6 6.Bg2 Ba6 7.b3 Bb7 8.O-O O-O
9.Bf4 a4 10.bxa4 d6 11.a3 Ba5 12.Ra2 Nbd7 13.Ne1 Bxg2 14.Nxg2 e5 15.dxe5 dxe5
16.Bd2 Nc5 17.Bb4 Qxd1 18.Rxd1 Rfd8 19.Rad2 Rxd2 20.Rxd2 g6 21.Nc3 Nxa4 22.Nd5 Nxd5
23.cxd5 Bxb4 24.axb4 Nc3 25.Ne3 Ra2 26.d6 cxd6 27.Rxd6 b5 28.Ng4 Rxe2 29.Kf1 Rb2
30.Nxe5 Rxb4 31.Rd8+ Kg7 32.Rd7 Rb1+ 33.Kg2 Kf6 34.f4 Rb2+ 35.Kh3 h5 36.Rxf7+ Ke6
37.Rg7 Ne4 38.Rxg6+ Kf5 39.Rb6 Nf6 40.Nc4 Rc2 41.Ne3+  1-0

[Event "JUG-chT"]
[Site "Budva"]
[Date "1996.??.??"]
[Round "6"]
[White "Komarov, Dimitri"]
[Black "Sokolov, Andrei"]
[Result "1/2-1/2"]
[WhiteElo "2530"]
[BlackElo "2580"]

1.d4 Nf6 2.c4 e6 3.Nf3 Bb4+ 4.Bd2 Qe7 5.g3 Nc6 6.Nc3 Bxc3 7.Bxc3 Ne4 8.Rc1 Nxc3
9.Rxc3 a5 10.Bg2 O-O 11.O-O d6 12.d5 Nb4 13.dxe6 fxe6 14.a3 Nc6 15.Nd4 Nxd4
16.Qxd4 e5 17.Qd2 a4 18.c5 Rd8 19.cxd6 Rxd6 20.Qc2 c6 21.Rc4 Be6 22.Rxa4 Rxa4
23.Qxa4 Rd2 24.Qa8+ Kf7 25.Be4 Bh3 26.Re1 Qd7 27.Qa5 Kf6 28.Qb4 Rd4 29.Qf8+ Qf7
30.Qxf7+ Kxf7 31.f3 Rd2 32.g4 h5 33.gxh5 Rxb2 34.Kf2 Be6 35.Rc1  1/2-1/2

[Event "Calcutta op"]
[Site "Calcutta"]
[Date "1996.??.??"]
[Round "1"]
[White "Gokhale, CS."]
[Black "Antonio, Rogelio Jr"]
[Result "1/2-1/2"]
[WhiteElo "2340"]
[BlackElo "2530"]

1.d4 Nf6 2.Nf3 e6 3.c4 Bb4+ 4.Bd2 Qe7 5.Nc3 b6 6.a3 Bxc3 7.Bxc3 Ne4 8.Rc1 Bb7
9.g3 d6 10.Bg2 Nd7 11.O-O O-O 12.Nd2 Nxc3 13.Rxc3 Bxg2 14.Kxg2 e5 15.dxe5 dxe5
16.Qc2 a5 17.Rd1 f5 18.Nf1 Nc5 19.Ne3 Qf7 20.f3 a4 21.Nd5 Rae8 22.Nb4 e4
23.f4 Re6 24.Nd5 Rd6 25.Ne3 Qd7 26.Rxd6 Qxd6 27.Qd1 Qxd1 28.Nxd1 Rd8 29.Ne3 g6
30.Rc1 Rd2 31.Rc2 Rd7 32.Rc1 Nb3 33.Rd1 Rxd1 34.Nxd1 Na5 35.Ne3 Kf7 36.Kf2 Ke6
37.Ke1 Nb3 38.Kd1 Kd6 39.Kc2 Nd4+ 40.Kd2 Kc5 41.h3 c6 42.g4 Ne6 43.gxf5 Nxf4
44.h4 Kd6 45.fxg6 hxg6 46.Ng4  1/2-1/2

[Event "Cannes op"]
[Site "Cannes"]
[Date "1996.??.??"]
[Round "1"]
[White "Matamoros Franco, Carlos S"]
[Black "Verat, Laurent"]
[Result "1-0"]
[WhiteElo "2430"]
[BlackElo "2300"]

1.d4 Nf6 2.c4 e6 3.Nf3 Bb4+ 4.Bd2 c5 5.Bxb4 cxb4 6.g3 b6 7.Bg2 Bb7 8.O-O O-O
9.a3 bxa3 10.Rxa3 a5 11.Nc3 d6 12.Ne1 Bxg2 13.Nxg2 Nbd7 14.Ne3 g6 15.Qd2 Qe7
16.Rc1 Rab8 17.Ra4 Rfc8 18.Rb1 Kg7 19.b4 axb4 20.Raxb4 Rb7 21.R1b3 Qd8 22.Qb2 Rcb8
23.Rb5 e5 24.Ncd5 Nxd5 25.Nxd5 f6 26.c5 dxc5 27.dxc5 Rc8 28.Nxb6 Nxc5 29.Nxc8 Nxb3
30.Rxb7+  1-0

[Event "Castellar op"]
[Site "?"]
[Date "1996.??.??"]
[Round "?"]
[White "Hernando Rodrigo, Jose Maria"]
[Black "Narciso Dublan, Marc"]
[Result "0-1"]
[WhiteElo "2275"]
[BlackElo "2440"]

1.d4 Nf6 2.c4 e6 3.Nf3 Bb4+ 4.Bd2 c5 5.g3 Qb6 6.Nc3 cxd4 7.Nb5 Bc5 8.b4 Be7
9.a4 d6 10.a5 Qd8 11.Nbxd4 e5 12.Nb3 Be6 13.Rc1 Ne4 14.Bg2 Nxd2 15.Qxd2 Nd7
16.a6 bxa6 17.O-O O-O 18.Na5 Rc8 19.Ra1 Nb6 20.Rfc1 Nxc4 21.Nxc4 Bxc4 22.Ra5 Qb6
23.h4 Bb5 24.Rd1 Rc4 25.Ng5 Rd4 26.Qc2 Rxd1+ 27.Qxd1 h6 28.Ne4 Rc8  0-1

[Event "Catalunya-chT"]
[Site "Catalunya"]
[Date "1996.??.??"]
[Round "?"]
[White "Gomez Jurado, Luis Alberto"]
[Black "Ferran Biosca, Robert"]
[Result "1/2-1/2"]
[WhiteElo "2285"]
[BlackElo "2175"]

1.d4 e6 2.Nf3 Nf6 3.c4 Bb4+ 4.Bd2 Qe7 5.g3 O-O 6.Bg2 Bxd2+ 7.Nbxd2 d6 8.O-O e5
9.e4 Bg4 10.h3 Bxf3 11.Nxf3 c5 12.dxe5 dxe5 13.Nh4 g6 14.Qe1 Nc6 15.f4 Rad8
16.Qf2 exf4 17.Rae1 Rd3 18.gxf4 Nh5 19.e5 Rfd8 20.e6 f5 21.Bd5 Rg3+ 22.Ng2 Nd4
23.Re3 Rxe3 24.Qxe3 Nf6 25.Qe5 Nc6 26.Bxc6 bxc6 27.Ne3 Ne4 28.Rd1 Rxd1+ 29.Nxd1 Qd6
30.Qxd6 Nxd6 31.b3 Kf8 32.Nb2 Ke7 33.Nd3 Ne4 34.Ne5 Kxe6 35.Nxc6 a6 36.Nb8 Nc3
37.Nxa6 Kd6 38.a4 Ne2+ 39.Kh2 Nxf4 40.b4 cxb4 41.Nxb4 Kc5 42.Na6+ Kxc4 43.Kg3 Ne6
44.h4 Kb3 45.Nb8 Kxa4 46.Nd7 Kb5 47.Nf6 Nf8 48.Kf4 Kc5 49.h5 Ne6+ 50.Ke5  1/2-1/2

[Event "Cetinje"]
[Site "Cetinje"]
[Date "1996.??.??"]
[Round "?"]
[White "Tregubov, Pavel V"]
[Black "Brajovic, Radovan"]
[Result "1-0"]
[WhiteElo "2470"]
[BlackElo "2390"]

1.d4 Nf6 2.c4 e6 3.Nf3 Bb4+ 4.Bd2 Qe7 5.g3 b6 6.Bg2 Bb7 7.O-O Bxd2 8.Qxd2 O-O
9.Nc3 Ne4 10.Nxe4 Bxe4 11.Qf4 d5 12.cxd5 exd5 13.Rfc1 c6 14.Ne5 Bxg2 15.Kxg2 Qe6
16.Rc3 f6 17.Ng4 Na6 18.Rac1 Rac8 19.Ne3 Nb8 20.b4 a6 21.a4 Rcd8 22.g4 g6
23.Nf1 Qe7 24.b5 cxb5 25.axb5 axb5 26.Rc7 Qd6 27.Qxd6 Rxd6 28.Rb7 Nd7 29.Rb1 f5
30.gxf5 gxf5 31.Rxb5 Kf7 32.Ne3 Ke6 33.Kf3 Rb8 34.Rxb8 Nxb8 35.Nxd5 Rxd5
36.Rxb6+ Kf7 37.Rxb8 Rxd4 38.Rb6 Rh4 39.Kg3 Re4 40.Kf3 Rh4 41.Kg3 Rg4+ 42.Kh3 Re4
43.Rb2 Kf6 44.f3 Rc4 45.Kg3 Rc6 46.e3 Rc4 47.Rb6+ Kf7 48.h4 Ra4 49.h5 Kg7
50.Rb7+ Kh6 51.Rf7 Kxh5 52.Rxf5+ Kg6 53.Rb5 Ra1 54.e4 h5 55.Rb6+ Kg7 56.Rb3 Rg1+
57.Kh4 Rh1+ 58.Kg5 Rh3 59.Rb7+ Kg8 60.f4 h4 61.Kg4 Re3 62.e5 h3 63.Rb2  1-0

[Event "Capablanca mem-B"]
[Site "Cienfuegos"]
[Date "1996.??.??"]
[Round "1"]
[White "Vilela, Jose Luis"]
[Black "Rivera, Alberto"]
[Result "1/2-1/2"]
[WhiteElo "2435"]
[BlackElo "2415"]

1.d4 Nf6 2.c4 e6 3.Nf3 Bb4+ 4.Bd2 Qe7 5.g3 O-O 6.Bg2 Bxd2+ 7.Qxd2 d6 8.Nc3 Nc6
9.O-O e5 10.Nd5 Qd8 11.Rfd1 exd4 12.Nxd4 Nxd4 13.Qxd4 Nd7 14.Qh4 Nf6 15.Nxf6+ Qxf6
16.Qxf6 gxf6 17.Rd2 Rb8 18.Rc1 Be6 19.b3 Rfd8 20.Rc3 Kf8 21.f4 c5 22.Bd5 b5
23.Kf2 a5 24.Rcd3 Ke7 25.Re3 Kd7 26.a3 a4 27.cxb5 Rxb5 28.bxa4 Ra5 29.Rb3 c4
30.Rb7+ Kc8 31.Rb5 Rxa4 32.Rc2 Rd7 33.e4 Rc7 34.Rc3 Kd7 35.f5 Bxd5 36.exd5 Rca7
37.Ke3 Rxa3 38.Kd4 Rxc3 39.Kxc3 Rc7 40.Rb4 Rc5 41.Rxc4 Rxd5 42.Rh4  1/2-1/2

[Event "Politiken Cup"]
[Site "Copenhagen"]
[Date "1996.??.??"]
[Round "9"]
[White "Hansen, Curt"]
[Black "Kogan, Artur"]
[Result "1/2-1/2"]
[WhiteElo "2615"]
[BlackElo "2485"]

1.d4 Nf6 2.c4 e6 3.Nf3 Bb4+ 4.Bd2 a5 5.g3 d5 6.Bg2 dxc4 7.Qc2 Nc6 8.Qxc4 Qd5
9.Qd3 Qe4 10.Qxe4 Nxe4 11.e3 Nxd2 12.Nbxd2 Nb8 13.a3 Be7 14.Rc1 c6 15.O-O Nd7
16.Nc4 O-O 17.Rfd1 Rd8 18.Nfe5 Ra6 19.Nd3 f6 20.b4 axb4 21.axb4 Nb6 22.Nxb6 Rxb6
23.Rb1 e5 24.dxe5 fxe5 25.Nxe5 Rxd1+ 26.Rxd1 Be6 27.Ra1 Rxb4 28.Ra8+ Bf8
29.h4 g6 30.Re8 Bf7 31.Rd8 Be6 32.Re8 Bf7 33.Rd8 Be6 34.Re8 Bf7  1/2-1/2

[Event "Politiken Cup"]
[Site "Copenhagen"]
[Date "1996.??.??"]
[Round "10"]
[White "Wells, Peter K"]
[Black "Petursson, Margeir"]
[Result "1/2-1/2"]
[WhiteElo "2495"]
[BlackElo "2585"]

1.d4 Nf6 2.c4 e6 3.Nf3 Bb4+ 4.Bd2 c5 5.Bxb4 cxb4 6.e3 O-O 7.Be2 d6 8.O-O Nc6
9.a3 Qa5 10.Qb3 Bd7 11.Ne1 bxa3 12.Rxa3 Qc7 13.Nc3 a6 14.Ra1 Rac8 15.Qa3 e5
16.Nc2 Bf5 17.dxe5 dxe5 18.Nb4 Nxb4 19.Qxb4 Be6  1/2-1/2

[Event "Corsico op"]
[Site "Corsico"]
[Date "1996.??.??"]
[Round "4"]
[White "Contini, Luca"]
[Black "Valenti, Giuseppe"]
[Result "1/2-1/2"]
[WhiteElo "2340"]
[BlackElo "2215"]

1.d4 e6 2.c4 Nf6 3.Nf3 Bb4+ 4.Bd2 a5 5.g3 b6 6.Bg2 Bb7 7.O-O O-O 8.Bg5 Be7
9.Bxf6 Bxf6 10.Nc3 d6 11.e4 Nd7 12.Rc1 Re8 13.Re1 e5 14.d5 Qe7 15.h4 Rec8
16.Bh3 Rd8 17.Nh2 Nc5 18.Qf3 g6 19.b3 Bg7 20.Rcd1 Rf8 21.Nf1 Bh6 22.Ne3 Kh8
23.Ng4 Bg7 24.Ne3 Bh6 25.Rf1 Rg8 26.Ng4 Bg7 27.Ne3 Raf8 28.Nb5 Bh6 29.Ng4 Bg7
30.Ne3 Bh6 31.Ng4 Bg7 32.Ne3  1/2-1/2

[Event "CZE-chT 9596"]
[Site "?"]
[Date "1996.??.??"]
[Round "2"]
[White "Beil, Zdenek"]
[Black "Chloupek, Stanislav"]
[Result "1-0"]
[WhiteElo "2330"]
[BlackElo "2305"]

1.d4 Nf6 2.Nf3 e6 3.c4 Bb4+ 4.Bd2 Qe7 5.Nc3 O-O 6.g3 d5 7.cxd5 exd5 8.Bg2 Re8
9.Ne5 Nc6 10.Nxc6 bxc6 11.O-O Bxc3 12.Bxc3 Qxe2 13.Qxe2 Rxe2 14.Rfe1 Rxe1+
15.Rxe1 a5 16.Bd2 Be6 17.Rc1 Bd7 18.a4 Ne4 19.Bxe4 dxe4 20.Rc5 f5 21.Kf1 Ra6
22.Ke2 Be6 23.Bxa5 Bd5 24.Kd2 g5 25.Kc2 f4 26.b3 Ra8 27.gxf4 gxf4 28.Be1 Kg7
29.a5 Kf6 30.b4 Ke6 31.Rc3 Kd7 32.Rh3 Rg8 33.Rxh7+ Kc8 34.Rh4 Rf8 35.Rg4 Rh8
36.h4 Rf8 37.h5 Rh8 38.Rh4 e3 39.fxe3 fxe3 40.h6 Bc4 41.Kc3 Bf7 42.Bg3 Bg6
43.Be5  1-0

[Event "CZE-chT 9596"]
[Site "?"]
[Date "1996.??.??"]
[Round "8"]
[White "Moravec, Michal"]
[Black "Chloupek, Stanislav"]
[Result "0-1"]
[WhiteElo "2300"]
[BlackElo "2305"]

1.c4 Nf6 2.Nf3 e6 3.d4 Bb4+ 4.Bd2 a5 5.e3 O-O 6.Bd3 Bxd2+ 7.Nbxd2 d6 8.O-O Qe7
9.Rc1 e5 10.Qc2 Nc6 11.a3 Bg4 12.d5 Nb8 13.Nh4 Na6 14.Nf5 Bxf5 15.Bxf5 Rfe8
16.f3 g6 17.Bh3 c6 18.Rfd1 Qc7 19.dxc6 bxc6 20.Nf1 Rab8 21.Qf2 Nc5 22.Qh4 Kg7
23.Rc2 Red8 24.Ng3 h6 25.Rf2 Qe7 26.f4 e4 27.Nf1 Nd3 28.Rxd3 exd3 29.g4 Rh8
30.Bg2 h5 31.g5 Ng4 32.f5 gxf5 33.Rxf5 Rxb2 34.Qg3 Rb1  0-1

[Event "CZE-chT2a 9596"]
[Site "CZE"]
[Date "1996.??.??"]
[Round "?"]
[White "Hrubant, Ivan"]
[Black "Fiedler, Bedrich"]
[Result "1-0"]
[WhiteElo "2250"]
[BlackElo "2145"]

1.d4 Nf6 2.c4 e6 3.Nf3 Bb4+ 4.Bd2 Qe7 5.g3 Nc6 6.Bg2 Bxd2+ 7.Nbxd2 d6 8.O-O O-O
9.e4 e5 10.d5 Nb8 11.Ne1 a5 12.Nd3 Na6 13.a3 c5 14.f4 Nd7 15.Bh3 Nc7 16.Qf3 f6
17.Rae1 a4 18.Kh1 b5 19.cxb5 Nb6 20.Bxc8 Raxc8 21.b4 c4 22.Qe3 Nca8 23.Nf2 Qd7
24.Nd1 Qxb5 25.Nc3 Qa6 26.Nf3 Nc7 27.fxe5 fxe5 28.Ng5 Nb5 29.Ne6 Rxf1+ 30.Rxf1 Nxc3
31.Qf3  1-0

[Event "CZE-chT2c 9596"]
[Site "CZE"]
[Date "1996.??.??"]
[Round "2"]
[White "Sobek, Jaroslav"]
[Black "Jurasek, Miroslav"]
[Result "0-1"]
[WhiteElo "2290"]
[BlackElo "2240"]

1.d4 Nf6 2.c4 e6 3.Nf3 Bb4+ 4.Bd2 c5 5.g3 Nc6 6.Bxb4 cxb4 7.Bg2 d5 8.Nbd2 O-O
9.O-O Bd7 10.e3 Qa5 11.Ne5 Rfd8 12.Ndf3 Rac8 13.cxd5 exd5 14.a3 Bf5 15.Qb3 Qb6
16.axb4 Nxb4 17.Rfc1 h6 18.Ne1 Ne4 19.Rxc8 Rxc8 20.Bxe4 Bxe4 21.Nd7 Qb5 22.Nc5 a5
23.Qa4 Qxa4 24.Nxa4 Nc2 25.Rc1 Rc4 26.Nxc2 Rxa4 27.Ne1 Rc4 28.Rc3 Rxc3 29.bxc3 a4
30.Kf1 a3 31.Ke2  0-1

[Event "CZE-chT2c 9596"]
[Site "CZE"]
[Date "1996.??.??"]
[Round "5"]
[White "Cvek, Robert"]
[Black "Kubala, Martin"]
[Result "1/2-1/2"]
[WhiteElo "2285"]
[BlackElo "2210"]

1.d4 e6 2.Nf3 Nf6 3.c4 Bb4+ 4.Bd2 Bxd2+ 5.Qxd2 b6 6.Nc3 Bb7 7.g3 Bxf3 8.exf3 d5
9.cxd5 Nxd5 10.Bg2 O-O 11.f4 c6 12.O-O Ne7 13.b4 a6 14.Rfd1 Ra7 15.g4 Nd7
16.Rac1 Nf6 17.g5 Nd7 18.Be4 Qb8 19.Ne2 Qd6 20.Rc3 f5 21.Bg2 Rc7 22.a3 b5
23.Qe3 Ng6 24.Rdc1 Rfc8 25.d5 exd5 26.Nd4 Qxf4 27.Rxc6 Rxc6 28.Rxc6 Rxc6
29.Bxd5+ Kf8 30.Qxf4 Nxf4 31.Bxc6 Ne5 32.Bb7 Nc4 33.Bxa6 Nxa3 34.Nxb5 Nxb5
35.Bxb5 Nd5 36.Bd3 Nxb4 37.Bxf5 h6 38.gxh6 gxh6 39.Be4 Na6 40.Bd5 Nc5 41.Kg2 Nd3
42.Kg3 Nxf2  1/2-1/2

[Event "Asia-ch"]
[Site "Dubai"]
[Date "1996.??.??"]
[Round "?"]
[White "Magai, Vladimir"]
[Black "Mansour, Sameer"]
[Result "1-0"]
[WhiteElo "2500"]
[BlackElo "2210"]

1.d4 Nf6 2.c4 e6 3.Nf3 Bb4+ 4.Bd2 Bxd2+ 5.Qxd2 O-O 6.g3 b6 7.Bg2 Bb7 8.O-O d6
9.Nc3 Nbd7 10.Qc2 Qe7 11.e4 e5 12.d5 Rfc8 13.Qe2 c6 14.Nd2 cxd5 15.exd5 Re8
16.Rae1 Nf8 17.f4 Qd7 18.f5 a6 19.Nce4 Nxe4 20.Nxe4 f6 21.g4 Qe7 22.g5 Nd7
23.gxf6 gxf6 24.Kh1 b5 25.cxb5 Kh8 26.Rg1 Bxd5 27.Rd1 Nb6 28.Qf2 Bxe4 29.Bxe4 d5
30.Qxb6 dxe4 31.Rd7  1-0

[Event "Asia-ch"]
[Site "Dubai"]
[Date "1996.??.??"]
[Round "?"]
[White "Solomon, Stephen J"]
[Black "Kasatchol, Sathit"]
[Result "1-0"]
[WhiteElo "2395"]
[BlackElo "2080"]

1.d4 Nf6 2.c4 e6 3.Nf3 Bb4+ 4.Bd2 Be7 5.g3 O-O 6.Bg2 d5 7.cxd5 exd5 8.O-O c6
9.Qc2 Nbd7 10.Nc3 Re8 11.Bf4 Nf8 12.Be5 Ng6 13.Rfd1 Bg4 14.Rac1 Nd7 15.Bf4 Nxf4
16.gxf4 Bxf3 17.Bxf3 Bd6 18.e3 Re6 19.Kh1 Qh4 20.Rg1 Rh6 21.Rg2 Nf6 22.Rcg1 Kh8
23.Qf5 Rg6 24.Rxg6 hxg6 25.Qc2 Kh7 26.Rg3 Rh8 27.Bg2 Kg8 28.Rh3 Qg4 29.Rxh8+ Kxh8
30.Qe2 Qh4 31.h3 Bb4 32.Kg1 Bxc3 33.bxc3 Ne4 34.Bxe4 dxe4 35.Qg4 Qe7 36.Kg2 Kh7
37.Kg3 f6 38.f5 gxf5 39.Qh5+ Kg8 40.Qxf5 Kf7 41.c4 g6 42.Qc8 Kg7 43.c5 f5
44.Qb8 g5 45.Qxa7 Qc7+ 46.Kg2 f4 47.exf4 gxf4 48.Qb6 f3+ 49.Kf1 Qd7 50.Ke1 Kf6
51.Qb2 Qxh3 52.Qxb7 Qe6 53.Qh7 Qxa2 54.Qxe4 Qa1+ 55.Kd2 Qa5+ 56.Ke3 Qe1+
57.Kxf3 Qh1+ 58.Kf4 Qh6+ 59.Kg3 Qg5+ 60.Kh3 Kf7 61.Qf3+ Kg7 62.Qg4  1-0

[Event "Elgoibar"]
[Site "Elgoibar"]
[Date "1996.??.??"]
[Round "3"]
[White "Matamoros Franco, Carlos S"]
[Black "Hoffman, Alejandro"]
[Result "1-0"]
[WhiteElo "2460"]
[BlackElo "2450"]

1.d4 Nf6 2.c4 e6 3.Nf3 Bb4+ 4.Bd2 Qe7 5.g3 Nc6 6.Bg2 Bxd2+ 7.Nbxd2 d6 8.Nf1 d5
9.Rc1 O-O 10.N1d2 Rd8 11.O-O Bd7 12.e3 Be8 13.Qb3 Rab8 14.Rfd1 a5 15.a3 a4
16.Qc2 Rdc8 17.cxd5 exd5 18.Qxa4 Bd7 19.Qc2 g6 20.Nb3 b6 21.Nbd2 Ra8 22.Qc3 Na7
23.Ne5 Be6 24.Nd3 g5 25.a4 Bf5 26.b4 h6 27.Ne5 c6 28.Re1 Be6 29.a5 Nb5 30.Qb2 Qb7
31.axb6 Qxb6 32.Rc5 Ra4 33.Qc2 Ra6 34.Bf1 Qb7 35.Rc1 Rb6 36.Nb3 Na3 37.Qd1 Nc4
38.Na5 Qa8 39.Naxc4 dxc4 40.Bxc4 Rxb4 41.Bxe6 fxe6 42.Nxc6  1-0

[Event "Elgoibar"]
[Site "Elgoibar"]
[Date "1996.??.??"]
[Round "7"]
[White "Gomez Esteban, Juan Mario"]
[Black "Hoffman, Alejandro"]
[Result "0-1"]
[WhiteElo "2495"]
[BlackElo "2450"]

1.d4 Nf6 2.c4 e6 3.Nf3 Bb4+ 4.Bd2 Qe7 5.g3 Nc6 6.Nc3 d6 7.d5 exd5 8.cxd5 Ne5
9.Nxe5 dxe5 10.Bg2 a6 11.O-O O-O 12.Rc1 h6 13.Qb3 Bd6 14.Nd1 Bd7 15.Ne3 b5
16.Ba5 Ne8 17.Nc2 f5 18.Nb4 Kh8 19.Nc6 Bxc6 20.Rxc6 e4 21.e3 Nf6 22.Rfc1 Rf7
23.Bf1 h5 24.a4 bxa4 25.Qb7 Rd8 26.Bxa6 Ne8 27.Be2 g6 28.Qa6 h4 29.Bc3+ Kg8
30.Qxa4 Qg5 31.Kf1 hxg3 32.hxg3 Rh7 33.Ke1 Bxg3 34.fxg3 Qxe3 35.Kd1 Rh1+
36.Be1 Rxd5+ 37.Kc2 Qxe2+ 38.Kb1 Rxe1  0-1

[Event "RUS-ch"]
[Site "Elista"]
[Date "1996.??.??"]
[Round "4"]
[White "Epishin, Vladimir"]
[Black "Dyachkov, Sergej"]
[Result "1/2-1/2"]
[WhiteElo "2620"]
[BlackElo "2515"]

1.d4 Nf6 2.c4 e6 3.Nf3 Bb4+ 4.Bd2 Qe7 5.g3 O-O 6.Bg2 Bxd2+ 7.Nbxd2 d6 8.e4 e5
9.O-O c5 10.d5 Ng4 11.Qe2 Nh6 12.Ne1 f5 13.exf5 Bxf5 14.f4 Bg4 15.Bf3 Bh3
16.Bg2 Bg4 17.Bf3 Bh3  1/2-1/2

[Event "BCF-chT 96/97"]
[Site "England"]
[Date "1996.??.??"]
[Round "?"]
[White "Poulton, James"]
[Black "Collier, David"]
[Result "1/2-1/2"]
[WhiteElo "2360"]
[BlackElo "2220"]

1.d4 Nf6 2.Nf3 e6 3.c4 Bb4+ 4.Bd2 a5 5.g3 d5 6.cxd5 exd5 7.Bg2 O-O 8.O-O c6
9.a3 Bd6 10.Nc3 h6 11.Qc2 Re8 12.Nh4 Qd7 13.e4 dxe4 14.Nxe4 Be7 15.Rfe1 Qd8
16.Nf5 Bxf5 17.Nxf6+ Bxf6 18.Rxe8+ Qxe8 19.Qxf5 Bxd4 20.Rd1 g6 21.Qf4 Bg7
22.Qc7 Qd7 23.Qxd7 Nxd7 24.Bxh6 Nc5 25.Be3 Ne6 26.Rd7 Bxb2 27.Rxb7 Bxa3 28.Bxc6 Nd8
29.Rb3  1/2-1/2

[Event "FIN-chT 9596"]
[Site "FIN"]
[Date "1996.??.??"]
[Round "1"]
[White "Lassila, Erkki"]
[Black "Tikkanen, Kari"]
[Result "1/2-1/2"]
[WhiteElo "2190"]
[BlackElo "2265"]

1.d4 Nf6 2.c4 e6 3.Nf3 Bb4+ 4.Bd2 Qe7 5.Nc3 b6 6.g3 Bb7 7.Bg2 O-O 8.O-O d6
9.Qc2 c5 10.dxc5 bxc5 11.Rfd1 Nc6 12.Bg5 Bxc3 13.Qxc3 e5 14.e3 Rfd8 15.Rd2 h6
16.Bxf6 Qxf6 17.Ne1 Qe7 18.Rad1 e4 19.a3 a5 20.b3 Ne5 21.b4 axb4 22.axb4 Ra4
23.bxc5 Rxc4 24.cxd6 Rxd6 25.Qb2 Rxd2  1/2-1/2

[Event "FIN-chT 9697"]
[Site "FIN"]
[Date "1996.??.??"]
[Round "3.2"]
[White "Manninen, Marko"]
[Black "Yrjola, Jouni"]
[Result "0-1"]
[WhiteElo "2380"]
[BlackElo "2460"]

1.d4 Nf6 2.c4 e6 3.Nf3 Bb4+ 4.Bd2 Qe7 5.g3 Nc6 6.Bg2 Bxd2+ 7.Nbxd2 d6 8.O-O a5
9.e4 e5 10.d5 Nb8 11.Ne1 O-O 12.b3 Na6 13.a3 Bg4 14.f3 Bd7 15.Qe2 c6 16.Nd3 Rfc8
17.Rfc1 cxd5 18.exd5 Qd8 19.Qf2 b5 20.h3 bxc4 21.Nxc4 Bf5 22.Ndb2 Rab8 23.f4 Be4
24.fxe5 dxe5 25.Bxe4 Nxe4 26.Qe3 Nac5 27.b4 axb4 28.a4 Qxd5 29.Rd1 Qe6 30.g4 h5
31.Qe2 Nc3 32.Qxe5 Nxd1  0-1

[Event "FIN-chT 9596"]
[Site "FIN"]
[Date "1996.??.??"]
[Round "8"]
[White "Veingold, Aleksandr"]
[Black "Pulkkinen, Kari"]
[Result "1-0"]
[WhiteElo "2425"]
[BlackElo "2345"]

1.d4 Nf6 2.Nf3 e6 3.c4 Bb4+ 4.Bd2 Qe7 5.g3 Nc6 6.Nc3 Bxc3 7.Bxc3 Ne4 8.Rc1 d6
9.d5 Nxc3 10.Rxc3 Nd8 11.dxe6 Nxe6 12.Bg2 O-O 13.O-O a5 14.Qc2 Bd7 15.Rd1 Bc6
16.Nd4 Nxd4 17.Rxd4 Bxg2 18.Kxg2 Rfe8 19.c5 dxc5 20.Rxc5 c6 21.e3 Red8 22.Ra4 Rd2
23.Qxd2 Qxc5 24.b4 Qe7 25.Rxa5 Rxa5 26.bxa5 h6 27.h4 c5 28.Kf1 Qe4 29.Ke2 Qc4+
30.Kf3 h5 31.Qd7 Qxa2 32.Qc8+ Kh7 33.Qxb7 Qxa5 34.Qxf7 Kh6 35.Qf4+ Kh7 36.Qc4 Qc7
37.e4 g6 38.Ke3 Kg7 39.f4 Kh7 40.e5 Kg7 41.Qc3 Kf7 42.Kd3 Qc6 43.Kc4 Ke6
44.Qb3 Kf5 45.Qd3+ Kg4 46.Qd6 Qe4+ 47.Kxc5 Kxg3 48.Qf6 Qf3 49.e6 Qa3+ 50.Kc6 Kf3
51.Kd7 Qa4+ 52.Ke7 Qa8 53.Kf7 Qd5 54.Kg7  1-0

[Event "Troll Masters"]
[Site "Gausdal"]
[Date "1996.??.??"]
[Round "2"]
[White "Fant, Goran"]
[Black "Kiik, Kalle"]
[Result "0-1"]
[WhiteElo "2090"]
[BlackElo "2385"]

1.d4 Nf6 2.c4 e6 3.Nf3 Bb4+ 4.Bd2 Qe7 5.a3 Bxd2+ 6.Qxd2 d6 7.Nc3 O-O 8.g3 e5
9.Bg2 c6 10.dxe5 dxe5 11.Rd1 Re8 12.Qc2 h6 13.O-O e4 14.Nd2 Bf5 15.b4 Bg6
16.e3 a5 17.c5 axb4 18.axb4 Na6 19.Rb1 Qe6 20.Ne2 Nd5 21.Qc4 Nac7 22.Nd4 Qd7
23.Ra1 Nf6 24.N2b3 h5 25.h3 Bf5 26.Nxf5 Qxf5 27.Nd4 Qd7 28.Rfd1 Rad8 29.Qb3 Qc8
30.Ra2 Rd5 31.Rad2 Qd7 32.Qb2 Rd8 33.Kh2 h4 34.g4 Ne6 35.Bf1 Ng5 36.Be2 Qc7+
37.Kg2 Qe5 38.Qc2 g6 39.Bc4 R5d7 40.Be2 Kh7 41.Bc4 Kg7 42.Be2 Kh6 43.Bc4 Kh7
44.Be2 Nd5 45.Qb2 Nxe3+ 46.fxe3 Qg3+ 47.Kh1 Qxh3+ 48.Kg1 Qg3+ 49.Kf1 Nh3  0-1

[Event "Eikrem mem"]
[Site "Gausdal"]
[Date "1996.??.??"]
[Round "5"]
[White "Gretarsson, Helgi Ass"]
[Black "Petursson, Margeir"]
[Result "1/2-1/2"]
[WhiteElo "2465"]
[BlackElo "2570"]

1.d4 Nf6 2.c4 e6 3.Nf3 Bb4+ 4.Bd2 c5 5.a3 Bxd2+ 6.Qxd2 cxd4 7.Nxd4 O-O 8.Nc3 d5
9.e3 dxc4 10.Bxc4 a6 11.Be2 b5 12.Bf3 Ra7 13.a4 bxa4 14.Nxa4 Bb7 15.O-O Bxf3  1/2-1/2